<?xml version="1.0" encoding="UTF-8"?>
<record
    xmlns:xsi="http://www.w3.org/2001/XMLSchema-instance"
    xsi:schemaLocation="http://www.loc.gov/MARC21/slim http://www.loc.gov/standards/marcxml/schema/MARC21slim.xsd"
    xmlns="http://www.loc.gov/MARC21/slim">

  <leader>00319nam a22001217a 4500</leader>
  <controlfield tag="008">240711b        |||||||| |||| 00| 0 eng d</controlfield>
  <datafield tag="020" ind1=" " ind2=" ">
    <subfield code="a">81-88327-72-7</subfield>
  </datafield>
  <datafield tag="100" ind1=" " ind2=" ">
    <subfield code="a">M. Chopra</subfield>
  </datafield>
  <datafield tag="245" ind1=" " ind2=" ">
    <subfield code="a">The Bharatiya Nagarik Suraksha Sanhita, 2023</subfield>
  </datafield>
  <datafield tag="260" ind1=" " ind2=" ">
    <subfield code="a">Delhi</subfield>
    <subfield code="b">Capital Law Infotech</subfield>
    <subfield code="c">2024</subfield>
  </datafield>
  <datafield tag="300" ind1=" " ind2=" ">
    <subfield code="a">442</subfield>
  </datafield>
  <datafield tag="942" ind1=" " ind2=" ">
    <subfield code="2">ddc</subfield>
    <subfield code="c">BK</subfield>
  </datafield>
  <datafield tag="999" ind1=" " ind2=" ">
    <subfield code="c">20764</subfield>
    <subfield code="d">20764</subfield>
  </datafield>
  <datafield tag="952" ind1=" " ind2=" ">
    <subfield code="p">LLB 1280</subfield>
    <subfield code="i">27-6-2024</subfield>
    <subfield code="l">0</subfield>
    <subfield code="e">Taneja Law House</subfield>
    <subfield code="r">2024-07-11 00:00:00</subfield>
    <subfield code="w">2024-07-11</subfield>
    <subfield code="y">BK</subfield>
    <subfield code="0">0</subfield>
    <subfield code="4">0</subfield>
    <subfield code="7">1</subfield>
    <subfield code="a">MIETLIB</subfield>
    <subfield code="b">MIETLIB</subfield>
    <subfield code="c">202/2</subfield>
    <subfield code="d">2024-07-10</subfield>
    <subfield code="1">0</subfield>
    <subfield code="H">BBA LLB</subfield>
  </datafield>
  <datafield tag="952" ind1=" " ind2=" ">
    <subfield code="p">LLB 1281</subfield>
    <subfield code="i">27-6-2024</subfield>
    <subfield code="l">10</subfield>
    <subfield code="e">Taneja Law House</subfield>
    <subfield code="r">2026-05-25 09:41:24</subfield>
    <subfield code="s">2026-05-18</subfield>
    <subfield code="w">2024-07-11</subfield>
    <subfield code="y">BK</subfield>
    <subfield code="0">0</subfield>
    <subfield code="4">0</subfield>
    <subfield code="7">0</subfield>
    <subfield code="a">MIETLIB</subfield>
    <subfield code="b">MIETLIB</subfield>
    <subfield code="c">177/1</subfield>
    <subfield code="d">2024-07-10</subfield>
    <subfield code="1">0</subfield>
    <subfield code="H">BBA LLB</subfield>
  </datafield>
  <datafield tag="952" ind1=" " ind2=" ">
    <subfield code="p">LLB 1282</subfield>
    <subfield code="i">27-6-2024</subfield>
    <subfield code="l">5</subfield>
    <subfield code="e">Taneja Law House</subfield>
    <subfield code="r">2026-04-03 12:30:05</subfield>
    <subfield code="s">2026-03-24</subfield>
    <subfield code="w">2024-07-11</subfield>
    <subfield code="y">BK</subfield>
    <subfield code="0">0</subfield>
    <subfield code="4">0</subfield>
    <subfield code="7">0</subfield>
    <subfield code="a">MIETLIB</subfield>
    <subfield code="b">MIETLIB</subfield>
    <subfield code="c">177/1</subfield>
    <subfield code="d">2024-07-10</subfield>
    <subfield code="1">0</subfield>
    <subfield code="H">BBA LLB</subfield>
  </datafield>
  <datafield tag="952" ind1=" " ind2=" ">
    <subfield code="p">LLB 1283</subfield>
    <subfield code="i">27-6-2024</subfield>
    <subfield code="l">3</subfield>
    <subfield code="e">Taneja Law House</subfield>
    <subfield code="r">2026-04-16 10:28:52</subfield>
    <subfield code="s">2026-04-09</subfield>
    <subfield code="w">2024-07-11</subfield>
    <subfield code="y">BK</subfield>
    <subfield code="0">0</subfield>
    <subfield code="4">0</subfield>
    <subfield code="7">0</subfield>
    <subfield code="a">MIETLIB</subfield>
    <subfield code="b">MIETLIB</subfield>
    <subfield code="c">177/1</subfield>
    <subfield code="d">2024-07-10</subfield>
    <subfield code="1">0</subfield>
    <subfield code="H">BBA LLB</subfield>
  </datafield>
  <datafield tag="952" ind1=" " ind2=" ">
    <subfield code="p">LLB 1284</subfield>
    <subfield code="i">27-6-2024</subfield>
    <subfield code="l">5</subfield>
    <subfield code="e">Taneja Law House</subfield>
    <subfield code="r">2026-03-13 14:25:49</subfield>
    <subfield code="s">2026-03-13</subfield>
    <subfield code="w">2024-07-11</subfield>
    <subfield code="y">BK</subfield>
    <subfield code="0">0</subfield>
    <subfield code="4">0</subfield>
    <subfield code="7">0</subfield>
    <subfield code="a">MIETLIB</subfield>
    <subfield code="b">MIETLIB</subfield>
    <subfield code="c">177/1</subfield>
    <subfield code="d">2024-07-10</subfield>
    <subfield code="1">0</subfield>
    <subfield code="H">BBA LLB</subfield>
  </datafield>
</record>
